| 000 | 01001nam a22003137a 4500 | ||
|---|---|---|---|
| 999 |
_c443 _d443 |
||
| 001 | 002279 | ||
| 003 | CoMeUDC002279 | ||
| 005 | 20181217174150.0 | ||
| 008 | 850226s1945 ag 000 0 spa | ||
| 010 | _a 46018107 | ||
| 040 |
_aDLC _cCoMeUDC _dDLC |
||
| 082 |
_a345.02 _bB388t |
||
| 100 | 1 |
_aBeccaria, Cesare, _cmarchese di, _d1738-1794. |
|
| 245 | 1 | 0 | _aTratado de los delitos y de las penas / |
| 260 |
_aBuenos Aires : _bEditorial Atalaya, _c[1945] |
||
| 300 |
_a276 p., 1 l. _c24 cm. |
||
| 650 | 0 |
_aDerecho penal. _9835 |
|
| 650 | 0 |
_aCrimen _9836 |
|
| 650 | 0 |
_aCastigo. _9837 |
|
| 650 | 0 |
_aPena capital. _9838 |
|
| 650 | 0 |
_aTortura. _9839 |
|
| 650 | 0 |
_aReforma legal. _9840 |
|
| 700 | 1 | _aCabanellas, Guillermo. [from old catalog] | |
| 700 | 1 |
_aDragonetti, Giacinto, _cmarchese, _d1738-1818. _tDelle virtù e de premj. [from old catalog] |
|
| 700 | 1 |
_aVoltaire, _d1694-1778. |
|
| 906 |
_a0 _bcbc _cpremunv _du _encip _f19 _gy-gencatlg |
||
| 942 |
_2ddc _cBK |
||